000 00377cam a22001217a 4500
008 180718b1963 xxu||||| |||| 00| 0 eng d
082 _aB71 Ef78
100 _aEffross, Harris I.
245 _aOrigins of post-colonial countries in New Jersy
_cby Harris I.Effross
260 _aNew Jersey
_bHistorical Society
_c1963
300 _a122p.
650 _aCounty government --New Jersey.
999 _c417032
_d417032